000 00891nam a2200253Ia 4500
003 OSt
005 20220927110147.0
006 a|||||r|||| 00| 0
007 ta
008 220926b |||||||| |||| 00| 0 eng d
024 _a105731
037 _cReference Collections
040 _aRTL
_cRTL
_beng
041 _2eng
_aeng
082 _a"X9(J:24):2p2,N84, M5"
111 _a"Seminar on Productivity, Cost Reduction and Subsidy in Fertiliser Industry (1984 : India)"
_9376016
245 0 _a"Seminar on Productivity, Cost Reduction and Subsidy in Fertiliser Industry; Proceedings Ed by S P Gupta etc"
260 _aNew
_bDelhi FAI India
_c1985
300 _aVarious Paginations
_ccm.
500 _aFertilizer Association of India seminar proceeding
650 _aSoil Industry
942 _h"X9(J:24):2p2,N84, M5"
_cCC
999 _c695442
_d695442